Quizzes
Events
Quiz Creation
Community
Videos
Private Events
Remove Ads
Sign In
Join for FREE
Feedback
Dark Mode
Quiz Categories
Sports
Geography
Music
Movies
Television
Just For Fun
Miscellaneous
History
Literature
Language
Science
Gaming
Entertainment
Religion
Holiday
For Kids
Quiz Lab
Recent
Popular Today
Quiz Kudos Today
Editor Picks
Curator Picks
Quizzes by...
Day
Popularity
Type
Ratings
Length
Year
Community
Subscriptions
Recent Discussions
Orange Saloon
Badges
Playlists
Quests
Create
Leaderboards
Showdown
Live 5
Trivia Bingo
Activity
Puzzle Library
Sporcle Events
Private Events
Virtual Trivia
Globe League
Become a Host
Pub Owners
SporcleCon
Opinionation
Our Games
Videos
Blog
Mobile Apps
Partnerships
Remove Ads and Go Orange
Feedback
Sports
Athletes
MLB
NBA
NHL
NFL
Soccer
Sports Teams
WWE
NCAA
Football
Premier League
Basketball
Baseball
Hockey
Golf
Tennis
Cricket
Rugby
Auto Racing
Olympics
World Cup
Sports
Athletes
MLB
NBA
NHL
NFL
Soccer
Sports Teams
WWE
NCAA
Football
Premier League
Basketball
Baseball
Hockey
Golf
Tennis
Cricket
Rugby
Auto Racing
Olympics
World Cup
Random Quiz
Search Sporcle
×
Quiz Lab
Quiz Lab
Sports
Board Games
Type in answers that appear in a list
Type in answers that appear in a list
Classic
Best Score? Go Orange.
Championship stadiums Stats
Can you name the stadiums that have hosted championship games/series?
By
ileggin
12m
154 Questions
107 Plays
107 Plays
107 Plays
Comments
Comments
Give Quiz Kudos
Give Quiz Kudos
-
- Ratings
hide this ad
More Info
Replay
Link that replays current quiz
Next Quiz
Link to next quiz in quiz playlist
You Got
0%
They Got
Avg Score
29%
Avg Friend Score
Upgrade to see
Score Distribution
Jump to the score distribution portion of the page
Score
0/154
Timer
12:00
0
Plays Today
# of championships
Stadium
% Correct
41
Yankee Stadium I
97.2%
1
Yankee Stadium II
97.2%
36
Boston Garden
81.3%
7
Louisiana Superdome
76.6%
8
Madison Square Garden
73.8%
7
Sun Life Stadium
72%
11
Wrigley Field
71%
7
Staples Center
70.1%
10
Fenway Park
68.2%
9
Sportsman's Park
64.5%
6
Busch Stadium II
64.5%
2
Busch Stadium III
63.6%
5
Shea Stadium
62.6%
3
Metrodome
62.6%
8
Dodger Stadium
59.8%
5
Rose Bowl
59.8%
2
Candlestick Park
58.9%
5
Orange Bowl
58.9%
6
Joe Louis Arena
58.9%
11
Tiger Stadium
57.9%
4
United Center
57.9%
15
LA Forum
57%
14
Chicago Stadium
56.1%
23
Polo Grounds
53.3%
5
Qualcomm Stadium
52.3%
3
Comiskey Park
51.4%
2
Three Rivers Stadium
51.4%
2
Pontiac Silverdome
51.4%
1
Tropicana Field
50.5%
3
Veterans Stadium
50.5%
24
Montreal Forum
50.5%
19
Maple Leaf Gardens
49.5%
1
Angel Stadium
48.6%
2
Georgia Dome
48.6%
6
LA Memorial Coliseum
47.7%
6
Memorial Stadium (Baltimore)
47.7%
8
Oakland Coliseum
47.7%
2
SkyDome
47.7%
1
Ford Field
47.7%
9
Ebbets Field
46.7%
5
Riverfront Stadium
46.7%
2
Royals Stadium
45.8%
2
Raymond James Stadium
45.8%
9
Cleveland Stadium
44.9%
1
U.S. Cellular Field
44.9%
1
Reliant Stadium
44.9%
2
American Airlines Arena
43.9%
10
Spectrum
43.9%
3
Lambeau Field
43%
2
Citizens Bank Park
42.1%
2
Pac Bell Park
41.1%
1
Turner Field
40.2%
# of championships
Stadium
% Correct
2
Jacobs Field
40.2%
3
TD Banknorth Garden
40.2%
4
Palace of Auburn Hills
40.2%
3
Tulane Stadium
39.3%
2
American Airlines Center
39.3%
1
Comerica Park
38.3%
1
Coors Field
37.4%
4
Fulton County Stadium
37.4%
1
Cowboys Stadium
37%
3
Milwaukee County Stadium
36.4%
4
Crosley Field
35.5%
1
Chase Field
35.5%
1
University of Phoenix Stadium
35.5%
1
Conseco Fieldhouse
35.5%
9
Shibe Park
34.6%
6
Izod Center
34.6%
2
Kingdome
34.6%
4
Forbes Field
33.6%
1
Minute Maid Park
32.7%
3
Wachovia Center
32.7%
17
Olympia Stadium
32.7%
1
Alamodome
31.8%
8
Nassau Veterans Memorial Coliseum
29.9%
1
Pepsi Center
29.9%
1
Rice Stadium
29%
1
Tampa Stadium
29%
1
Stanford Stadium
29%
2
KeyArena
29%
3
AT&T Center
28%
3
Pengrowth Saddledome
28%
1
Sun Devil Stadium
26.2%
2
Honda Center
26.2%
2
Amway Arena
25.2%
2
Metropolitan Stadium
23.4%
3
Oakland Arena
23.4%
5
Pittsburgh Civic Arena
23.4%
8
Rexall Place
22.4%
5
Griffith Stadium
21.5%
1
Cotton Bowl
20.6%
1
ALLTELL Stadium
20.6%
1
Verizon Center
20.6%
1
Quicken Loans Arena
18.7%
1
St. Pete Times Forum
18.7%
5
LA Sports Arena
16.8%
2
Braves Field
15.9%
2
Delta Center
15.9%
7
The Summit
15.9%
2
Cow Palace
15.9%
1
Market Square Arena
15.9%
1
Rogers Arena
15.9%
1
Exposition Park
15%
2
RBC Center
15%
# of championships
Stadium
% Correct
2
Reunion Arena
15%
1
HSBC Arena
12.1%
1
America West Arena
10.3%
1
Scotiabank Place
10.3%
2
Rangers Ballpark in Arlington
10.3%
1
Baker Bowl
9.3%
1
Franklin Field
9.3%
2
War Memorial Stadium (Buffalo)
9.3%
1
Miami Arena
9.3%
4
Cobo Arena
8.4%
3
Portland Memorial Coliseum
7.5%
3
Capital Centre
7.5%
2
Met Center
7.5%
1
League Park
6.5%
2
McNichols Arena
6.5%
6
Minneapolis Auditorium
6.5%
2
Pacific Coliseum
6.5%
1
Buffalo Memorial Auditorium
6.5%
3
West Side Grounds
5.6%
2
Balboa Stadium
5.6%
1
Veterans Memorial Coliseum
5.6%
4
Indiana State Fair Coliseum
5.6%
4
Kiel Auditorium
5.6%
5
Winnipeg Arena
5.6%
1
Hartford Civic Center
5.6%
2
Jeppesen Stadium
4.7%
3
Freedom Hall
4.7%
2
Colisee de Quebec
4.7%
1
Huntington Avenue Grounds
3.7%
1
University of Detroit Stadium
3.7%
2
Milwaukee Arena
3.7%
2
Salt Palace
3.7%
2
Ft. Wayne War Memorial Coliseum
3.7%
1
Columbia Park
2.8%
2
Philadelphia Convention Hall
2.8%
1
South Side Park
1.9%
1
Wisconsin State Fair Park
1.9%
1
Baltimore Civic Center
1.9%
2
Philadelphia Arena
1.9%
1
Baltimore Coliseum
1.9%
3
Mutual Street Arena
1.9%
1
Loyola Field House (New Orleans)
0.9%
3
Onondaga County War Memorial
0.9%
1
Edgerton Park Arena
0.9%
1
Uline Arena
0.9%
1
International Amphitheatre
0.9%
4
Ottawa Auditorium
0.9%
1
Barton Street Arena
0.9%
4
Mount Royal Arena
0.9%
1
Jubilee Arena
0.9%
Quiz Playlist
Details
Report
Send in Message
Add To Playlist
More Info:
Championships include: World Series, Super Bowl, NBA/ABA finals, NHL/WHA finals, and pre-1970 AFL/NFL/AAFC championships.
Classic:
Type in answers that appear in a list
Quiz Source
Last Updated: Feb 16, 2017
Quiz Scoreboard
CHALLENGE
Sign Up to Join the Scoreboard
Show All
Scores
Hide
Comments
May contain spoilers
Recently Published
9x9 Crossword: Cartoon Network
by jackfrog10
Miscellaneous
3m
College Basketball Coaching Resumes
by pancakes188
Sports
9m
Billboard Blitz: Fleetwood Mac
by CooCooCachoo
Music
15s
More to Explore
Quiz From the Vault
Featured Blog Post
Where Did the Easter Bunny Come From?
hide this ad
You Might Also Like...
Tags
Board Games Quiz
Championship
host
Stadiums
Today's Top Quizzes in Sports
Browse Sports
hide this ad
Today's Top Quizzes in Board Games
Browse Board Games
Top Contributed Quizzes in Sports
1
2022 World Cup Stars
2
Les meilleurs buteurs des matchs entre le PSG et l’OM
3
FIFA Club World Cup Champions
4
Les entraîneurs de l'OM et du PSG au 21e siècle
5
Criteria MLB: Left Handed Sluggers
6
2023 MLB Unique Player Accomplishments
7
AFC Teams Reveal (Wrong Answers Minefield)
8
Players with Multiple 50 Home Run Seasons
9
5-to-1: FBS Animal Nicknames
10
5-to-1: UK Sports Teams
Explore More
Trending Topics
Harry Potter
Disney
Kpop
Anime
Crossword
NBA
Marvel
NFL
WWE
The Office
Pokémon
Song
Puzzle
Country
Soccer
hide this ad
More By:
ileggin
Quiz
Plays
Rating
Category
Featured
Created
Scorsese/De Niro Movies
35,211
4.38
Movies
Oct 5, 2009
Alec Baldwin Movies
6,366
4.31
Movies
Sep 25, 2009
1970s World Series lineups
4,411
4.53
Sports
Jul 2, 2010
First round RBs since 1990
4,293
4.29
Sports
Nov 2, 2009
NCAA D1 football in 1969
4,157
4.13
Sports
Nov 22, 2009
Go to Creator's Profile
Score Distribution
Quiz Creator Spotlight
ileggin
Follow
Send a Message
Quizzes Created
-
Created Quiz Play Count
-
More By This Creator
Popular Quizzes Today
1
Find the US States - No Outlines Minefield
2
Find the Countries of Europe - No Outlines Minefield
3
The Countries of the World
4
Find the US States
5
Risky Map Clicking: Biggest States A-Z
6
US States
7
Popular People in 1961
8
Movies - When Are They Set?
More Sports Quizzes
Evolution of Football Crests: Atlético de Madrid
Quiz Lab
Trending Quizzes
Risky Map Clicking: Least Populous States A-Z
1-10 Letter G Words
Risky Map Clicking: Next State Alphabetically
Adjectives in 80s TV Shows
Risky Map Clicking: Biggest States A-Z
Recently Updated
Leaping Animals
pecheneg
Reality TV Shows (A-Z)
bhenderson79
Rickey Henderson's Hall of Fame Teammates
pecheneg
Champions League XIs: Arsenal
pecheneg
Quick Pick: Celebrities in WWE's Hall of Fame
aduchscher
A-Z Keypad Blitz II
pecheneg
Multiple Oscar Actors
pecheneg
Mystery Phrase Blitz: Oscar 'Best Actors'
pecheneg
F. Scott Fitzgerald Novels
LTH
Pick 3 Villains
ddd62291
Trending Topics
Kpop
Marvel
NBA
Disney
Harry Potter
Crossword
Anime
Soccer
Pokémon
NFL
WWE
Country
The Office
Puzzle
Song
Your Account Isn't Verified!
In order to create a playlist on Sporcle, you need to verify the email address you used during registration. Go to your
Sporcle Settings
to finish the process.
Report this User
Report this user for behavior that violates our
Community Guidelines
.
Details:
Send Report
Go to the Sporcle.com Mobile Site →
Comments